Теория информации: теоремы кодирования для дискретных систем без памяти: пер. с англ.

Podrobná bibliografie
Hlavní autor: Чисар И. Имре
Další autoři: Кёрнер Я. Янош
Jazyk:ruština
Vydáno: Москва, Мир, 1985
Témata:
Médium: Kniha
KOHA link:https://koha.lib.tpu.ru/cgi-bin/koha/opac-detail.pl?biblionumber=287872

MARC

LEADER 00000nam0a2200000 4500
001 287872
005 20231102000031.0
035 |a (RuTPU)RU\TPU\book\312315 
090 |a 287872 
100 |a 20150319d1985 k y0rusy50 ca 
101 1 |a rus  |c eng 
102 |a RU 
105 |a a z 001zy 
200 1 |a Теория информации: теоремы кодирования для дискретных систем без памяти  |e пер. с англ.  |f И. Чисар, Я. Кёрнер 
210 |a Москва  |c Мир  |d 1985 
215 |a 400 с.  |c ил. 
320 |a Библиогр.: с. 372-384 
320 |a Предм. указ.: с. 385-392 
606 1 |a Информации теория  |x (математика)  |2 stltpush  |3 (RuTPU)RU\TPU\subj\59474  |9 77006 
610 1 |a кодирование 
610 1 |a последовательности 
610 1 |a математическая теория 
610 1 |a леммы 
610 1 |a комбинаторные методы 
610 1 |a ошибки 
610 1 |a каналы 
610 1 |a дискретные системы 
675 |a 519.7  |v 3 
700 1 |a Чисар  |b И.  |g Имре 
701 1 |a Кёрнер  |b Я.  |g Янош 
801 1 |a RU  |b 63413507  |c 20150319 
801 2 |a RU  |b 63413507  |c 20180131  |g RCR 
942 |c BK